El daño moral en la responsabilidad contractual y extracontractual
Αποθηκεύτηκε σε:
| Κύριος συγγραφέας: | |
|---|---|
| Μορφή: | Βιβλίο |
| Γλώσσα: | Ισπανικά |
| Έκδοση: |
Valparaíso
Libromar
2001
|
| Θέματα: | |
| Ετικέτες: |
Προσθήκη ετικέτας
Δεν υπάρχουν, Καταχωρήστε ετικέτα πρώτοι!
|
MARC
| LEADER | 00000nam a2200000 a 4500 | ||
|---|---|---|---|
| 001 | UCM2297 | ||
| 003 | CL-VaPUC | ||
| 008 | 020503e20010000CL |||||||||||||||||spa|d | ||
| 082 | 0 | 4 | |a 346.02 |b AED |2 21 |
| 100 | |a Aedo Barrena, Cristián Eduardo |e autor |9 469023 | ||
| 245 | 1 | 3 | |a El daño moral en la responsabilidad contractual y extracontractual |
| 300 | |a 517 p | ||
| 942 | |c BK | ||
| 945 | |d 20020503 00:00:00 |a vberengu | ||
| 260 | |a Valparaíso |b Libromar |c 2001 | ||
| 650 | 0 | |a Responsabilidad contractual |9 256720 | |
| 650 | 0 | |a Daño |9 383182 | |
| 650 | 0 | |a Responsabilidad extracontractual |9 336742 | |
| 650 | 0 | |a Código civil chileno |9 255931 | |
| 650 | 0 | |a Daño moral |9 430896 | |
| 651 | 7 | |a CHILE |2 CL-VaPUC |9 469024 | |
| 583 | |a last modification |c 20190627 09:24:38 |k Rodrigo Vera | ||
| 999 | |c 300206 |d 300204 | ||
| 952 | |0 0 |1 0 |4 0 |6 346_020000000000000_AED_2001 |7 0 |8 A |9 357659 |a BIBDER |b BIBDER |d 2019-11-21 |i 3809536 |l 10 |m 2 |o 346.02 AED 2001 |p 3809536 |r 2024-08-21 |s 2024-08-21 |w 2019-11-21 |y BK |k DER | ||